New Year's Eve Movies Quiz Stats

 Plays Quiz Updated Dec 30, 2014

Also try: Hot Hot Movies!
Challenge
Share
Tweet
Score 0/20 Timer 10:00
5 Plays Today
% Correct
When Harry Met Sally (1989)
82.6%
Bridget Jones's Diary (2001)
82.4%
The Godfather: Part II (1974)
79.1%
Sex and the City (2008)
66.7%
High School Musical (2006)
65.6%
Ocean's 11 (1960)
59.5%
Poseidon (2006)
58.9%
Trading Places (1983)
57.9%
New Year's Eve (2011)
52.6%
While You Were Sleeping (1995)
51.9%
% Correct
Entrapment (1999)
39.3%
Rosemary's Baby (1968)
38.4%
Sleepless in Seattle (1993)
34.3%
The Fabulous Baker Boys (1989)
30.4%
About a Boy (2002)
29.8%
Boogie Nights (1997)
29.7%
Sunset Blvd. (1950)
25.5%
The Hudsucker Proxy (1994)
24.4%
An Affair to Remember (1957)
23.7%
Holiday Inn (1942)
23.1%

You're not logged in!

Compare scores with friends on all Sporcle quizzes.
Join for Free
OR
Log In

You Might Also Like...

Show Comments

Extras

Top Quizzes Today


Score Distribution

Your Account Isn't Verified!

In order to create a playlist on Sporcle, you need to verify the email address you used during registration. Go to your Sporcle Settings to finish the process.

Report this User

Report this user for behavior that violates our Community Guidelines.

Details: